| 000 | 01395nam a2200373 a 4500 | ||
|---|---|---|---|
| 001 | ebr10256730 | ||
| 003 | CaPaEBR | ||
| 006 | m u | ||
| 007 | cr cn||||||||| | ||
| 008 | 080418s2008 mau sb 001 0 eng | ||
| 010 | _z 2008017556 | ||
| 015 |
_aGBA8A7155 _2bnb |
||
| 016 | 7 |
_z014749088 _2Uk |
|
| 020 | _z9780262062671 (hardcover : alk. paper) | ||
| 020 | _z0262062674 (hardcover : alk. paper) | ||
| 020 | _z9780262562317 (pbk. : alk. paper) | ||
| 020 | _z0262562316 (pbk. : alk. paper) | ||
| 040 |
_aCaPaEBR _cCaPaEBR |
||
| 035 | _a(OCoLC)300205391 | ||
| 050 | 1 | 4 |
_aBF697 _b.P755 2008eb |
| 082 | 0 | 4 |
_a155.2 _222 |
| 245 | 0 | 0 |
_aPsychological agency _h[electronic resource] : _btheory, practice, and culture / _cedited by Roger Frie. |
| 260 |
_aCambridge, Mass. : _bMIT Press, _cc2008. |
||
| 300 | _aix, 261 p. | ||
| 500 | _a"A Bradford book." | ||
| 504 | _aIncludes bibliographical references and index. | ||
| 533 |
_aElectronic reproduction. _bPalo Alto, Calif. : _cebrary, _d2013. _nAvailable via World Wide Web. _nAccess may be limited to ebrary affiliated libraries. |
||
| 650 | 0 | _aSelf. | |
| 650 | 0 | _aAgent (Philosophy) | |
| 655 | 7 |
_aElectronic books. _2local |
|
| 700 | 1 |
_aFrie, Roger, _d1965- |
|
| 710 | 2 | _aebrary, Inc. | |
| 856 | 4 | 0 |
_uhttp://site.ebrary.com/lib/rucke/Doc?id=10256730 _zAn electronic book accessible through the World Wide Web; click to view |
| 999 |
_c13363 _d13363 |
||